|
|
|
|
| LEADER |
01280nam a2200289 a 4500 |
| 001 |
4033864 |
| 008 |
100315r20062003maua b 001 0 eng d |
| 010 |
|
|
|a 98025050
|
| 020 |
|
|
|a 8177587994
|
| 020 |
|
|
|a 0201361205
|
| 040 |
|
|
|a DLC
|c DLC
|d DLC
|d DB-DhAAL
|
| 082 |
0 |
0 |
|a 005.13/3
|2 21
|
| 100 |
1 |
|
|a Sedgewick, Robert,
|d 1946-
|
| 245 |
1 |
0 |
|a Algorithms in Java /
|c Robert Sedgewick.
|
| 250 |
|
|
|a 3rd ed.
|
| 260 |
|
|
|a Boston ;
|a New Delhi :
|b Pearson Education,
|c c2003[impression 2006]
|
| 300 |
|
|
|a xix, 637 p. :
|b ill. ;
|c 24 cm.
|
| 504 |
|
|
|a Includes bibliographical references and index.
|
| 541 |
1 |
|
|e 00016428
|
| 505 |
1 |
|
|a [v. 1]. Parts 1-4: fundamentals, data structures, sorting, searching -- [v. 2]. Part 5: graph algorithms --
|
| 650 |
|
0 |
|a Java (Computer program language)
|
| 650 |
|
0 |
|a Computer algorithms.
|
| 852 |
4 |
|
|a Ayesha Abed Library
|j General Shelf.
|
| 942 |
0 |
0 |
|0 2
|
| 999 |
|
|
|c 7769
|d 7769
|
| 952 |
|
|
|0 0
|1 0
|2 ddc
|4 0
|6 005_130000000000000_3_SED_2006
|7 0
|9 8597
|a BRACUL
|b BRACUL
|c GEN
|d 2010-03-15
|l 54
|m 247
|o 005.133 SED
|p 3010016428
|q 2026-06-02
|r 2026-05-20
|s 2026-05-20
|t 1
|w 2010-03-15
|y BK
|
| 952 |
|
|
|0 0
|1 0
|2 ddc
|4 0
|6 005_133000000000000_SED_2006
|7 0
|9 10810
|a BRACUL
|b BRACUL
|c GEN
|d 2010-06-09
|l 40
|m 296
|o 005.133 SED
|p 3010016427
|q 2026-06-02
|r 2026-05-20
|s 2026-05-20
|t 2
|w 2010-06-09
|y BK
|